Inteligencia emocional en el liderazgo
-д хадгалсан:
| Үндсэн зохиолч: | |
|---|---|
| Формат: | Ном |
| Хэл сонгох: | испани |
| Хэвлэсэн: |
Santiago
Aguilar
2004
|
| Хэвлэл: | 1a. ed |
| Нөхцлүүд: | |
| Шошгууд: |
Шошго нэмэх
Шошго байхгүй, Энэхүү баримтыг шошголох эхний хүн болох!
|
MARC
| LEADER | 00000nam a2200000 a 4500 | ||
|---|---|---|---|
| 001 | UCK6198 | ||
| 003 | CL-VaPUC | ||
| 008 | 050909e20040000CL |||||||||||||||||spa|d | ||
| 020 | |a 9562393437 | ||
| 082 | 0 | 4 | |a 658.314 |b ABA |2 21 |
| 100 | 0 | |a Abarca Melo, Nureya |e author |9 495241 | |
| 245 | 1 | 0 | |a Inteligencia emocional en el liderazgo |
| 250 | |a 1a. ed | ||
| 300 | |a 273 p | ||
| 942 | |c BK | ||
| 945 | |d 20050909 00:00:00 |a cmena | ||
| 260 | |a Santiago |b Aguilar |c 2004 | ||
| 650 | 0 | |a Inteligencia emocional |9 430453 | |
| 650 | 0 | |a Liderazgo |9 271835 | |
| 650 | 0 | |a Motivación |9 315362 | |
| 650 | 0 | |a Administración del personal |9 260442 | |
| 583 | |a last modification |c 20050909 00:00:00 |k Rodrigo Vera | ||
| 999 | |c 314509 |d 314507 | ||
| 952 | |0 0 |1 0 |4 0 |6 658_314000000000000_ABA_2004 |7 0 |8 A |9 386815 |a BIBEDU |b BIBEDU |d 2019-11-22 |i 4159853 |l 3 |o 658.314 ABA 2004 |p 4159853 |r 2023-10-12 |s 2023-09-23 |w 2019-11-22 |y BK |k EPE | ||
| 952 | |0 0 |1 0 |4 0 |6 658_314000000000000_ABA_2004 |7 0 |8 A |9 386816 |a BIBENE |b BIBENE |d 2019-11-22 |i 4263944 |l 2 |m 2 |o 658.314 ABA 2004 |p 4263944 |r 2025-04-02 |s 2025-03-13 |w 2019-11-22 |y BK |k ICO | ||